Anorexia y bulimia : (Record no. 124216)

MARC details
000 -CABECERA
campo de control de longitud fija 00909nam a2200265 u 4500
005 - FECHA Y HORA DE LA ÚLTIMA TRANSACCIÓN
campo de control 20251205063958.0
008 - ELEMENTOS DE LONGITUD FIJA--INFORMACIÓN GENERAL
campo de control de longitud fija 070920s19962005 r 000 0 eng d
020 ## - NÚMERO INTERNACIONAL NORMALIZADO PARA LIBROS
Número Internacional Estándar del Libro 8474326060
020 ## - NÚMERO INTERNACIONAL NORMALIZADO PARA LIBROS
Número Internacional Estándar del Libro 9788497846448 (3a ed.)
035 ## - NÚMERO DE CONTROL DEL SISTEMA
Número de control de sistema UPN01000152081
049 ## - COLECCIÓN
Colección CG
050 #4 - SIGNATURA TOPOGRÁFICA DE LA BIBLIOTECA DEL CONGRESO
Número de clasificación RC552 E1.8
Número de documento/Ítem C7.2
100 1# - ASIENTO PRINCIPAL--NOMBRE PERSONAL
Nombre de persona Crispo, Rosina
245 10 - MENCIÓN DE TÍTULO
Título Anorexia y bulimia :
Resto del título lo que hay que saber : un mapa para recorrer un territorio trastornado /
Mención de responsabilidad, etc. Rosina Crispo, Eduardo Figueroa y Diana Guelar.
260 ## - PUBLICACIÓN, DISTRIBUCIÓN, ETC.
Lugar de publicación, distribución, etc. Barcelona, Esp. :
Nombre del editor, distribuidor, etc. Gedisa,
Fecha de publicación, distribución, etc. 1996 (2005 impr.).
300 ## - DESCRIPCIÓN FÍSICA
Extensión 214 p.
440 #0 - MENCIÓN DE SERIE/ASIENTO SECUNDARIO--TÍTULO
Título Psicología.
Nombre de parte o sección de la obra Divulgación y autoayuda
500 ## - NOTA GENERAL
Nota general "Tercera edición: 2011" (reimpresión)
650 #2 - ASIENTO SECUNDARIO DE MATERIA - TERMINO TEMATICO
Término de materia o nombre geográfico como elemento de entrada Trastornos de la conducta alimenticia
9 (RLIN) 383
650 #2 - ASIENTO SECUNDARIO DE MATERIA - TERMINO TEMATICO
Término de materia o nombre geográfico como elemento de entrada Anorexia nerviosa
9 (RLIN) 4748
650 #2 - ASIENTO SECUNDARIO DE MATERIA - TERMINO TEMATICO
Término de materia o nombre geográfico como elemento de entrada Bulimia
9 (RLIN) 9416
700 1# - ASIENTO SECUNDARIO--NOMBRE DE PERSONAL
Nombre de persona Figueroa, Eduardo,
Término indicativo de función/relación coaut.
700 1# - ASIENTO SECUNDARIO--NOMBRE DE PERSONAL
Nombre de persona Guelar, Diana,
Término indicativo de función/relación coaut.
905 ## - TIPO DE MATERIAL
Tipo de material Libro
Holdings
Estado de retiro Estado de pérdida Fuente del sistema de clasificación o colocación Estado dañado No para préstamo Código de colección Localización permanente Ubicación/localización actual Ubicación en estantería Total de préstamos Clasificación Código de barras Fecha visto por última vez Número de copia Tipo de ítem Koha Fecha de adquisición Fecha del último préstamo
    Library of Congress Classification     Colección General Bib. Gregorio Torres Quintero Bib. Gregorio Torres Quintero Planta baja 50 RC552 E1.8 C7.2 253508 31/12/2020 1 Libro    
    Library of Congress Classification     Colección General Bib. Gregorio Torres Quintero Bib. Gregorio Torres Quintero Planta baja 4 RC552 E1.8 C7.2 288396 28/01/2025 1 Libro 07/10/2024 07/10/2024
    Library of Congress Classification     Colección General Bib. Gregorio Torres Quintero Bib. Gregorio Torres Quintero Planta baja 7 RC552 E1.8 C7.2 288397 24/11/2022 1 Libro 09/11/2022 09/11/2022
    Library of Congress Classification     Colección General Bib. Gregorio Torres Quintero Bib. Gregorio Torres Quintero Planta baja 8 RC552 E1.8 C7.2 288398 31/12/2020 1 Libro